000
00290nam a22001337a 4500
008
181106b xxu||||| |||| 00| 0 eng d
020
_a
9780965431491
041
_a
eng
080
_a
941
100
_a
16
101
_a
HIS
245
_a
Discover Your Genius
_c
Gelb.M.J
942
_2
udc
_c
BK
999
_c
51955
_d
51955